| 000 | 00000nam##2200000za#4500 |
| 001 | 9.589679 |
| 003 | CaOODSP |
| 005 | 20210624195749 |
| 007 | cr ||||||||||| |
| 008 | 150406|2002||||xxc|||||o f|0| 0 eng|d |
| 040 | |aCaOODSP|beng |
| 041 | |aeng |
| 041 | |afre |
| 043 | |an-cn--- |
| 086 | 1 |aSP2-1/11-2002-PDF |
| 110 | 1 |aCanada. |bQueen's Printer. |
| 245 | 10|aElectoral districts - proposals for the Province of Quebec |h[electronic resource] |
| 260 | |bQueen's Printer |cAugust 31, 2002. |
| 300 | |a71p.|bmaps, tables |
| 490 | 1 |aCanada gazette, Part I. Supplement |
| 590 | |a13-26-Supp|b2013-11-04 |
| 690 | 07|aElectoral districts|2gcpds |
| 792 | |tCirconscriptions électorales - propositions pour la province de Québec |efre|w(CaOODSP)9.589680 |
| 830 | #0|aCanada gazette, part I. Supplement.|w(CaOODSP)9.500175 |
| 856 | 40|ahttp://publications.gc.ca|qPDF|s7.27 MB|uhttps://publications.gc.ca/collections/collection_2013/gazette/SP2-1-11-2002.pdf |